Score 0/26 Timer 05:00
1 Play Today
Letter Website % Correct
GGoogle.com
95.1%
FFacebook.com
81.5%
YYoutube.com
80.2%
AAmazon.com
70.8%
EEbay.com
53.4%
TTmall.com
51.2%
WWikipedia.org
40.3%
MMicrosoftonline.com
38.4%
CChase.com
19.6%
NNetflix.com
18.4%
IInstructure.com
16.5%
BBing.com
15.6%
RReddit.com
13.6%
Letter Website % Correct
LLive.com
11.6%
PPaypal.com
7.5%
HHulu.com
6.8%
DDropbox.com
5.4%
SSalesforce.com
4.4%
UUSPS.com
2.4%
QQq.com
2%
ZZillow.com
2%
XXfinity.com
1.9%
VVimeo.com
1.8%
KKohls.com
1.2%
JJCPenney.com
0.9%
OOffice.com
0.6%

You're not logged in!

Compare scores with friends on all Sporcle quizzes.
OR
Log In

Sporcle TV

Today on Sporcle TV


Watch our educational content, quiz creation guides, and fun videos on Sporcle TV.

Show Comments

Extras

Top Quizzes Today


Score Distribution

Paid Content

Your Account Isn't Verified!

In order to create a playlist on Sporcle, you need to verify the email address you used during registration. Go to your Sporcle Settings to finish the process.

Report this User

Report this user for behavior that violates our Community Guidelines.

Details: